| 000 | 00722nam a22002177a 4500 | ||
|---|---|---|---|
| 003 | DO-SdBNP | ||
| 005 | 20211026092916.0 | ||
| 007 | ta | ||
| 008 | 210630e2017 dr a|||er|||| 001 0dspa d | ||
| 040 |
_aDO-SdBNP _bspa _cBNPHU |
||
| 082 | 4 |
_222 _bG146L |
|
| 100 | 1 |
_aGalán Santana, Junior Rafael, _d1980- _970309 |
|
| 245 | 1 | 3 |
_aEl libro supremo de la numerología : _bel libro 5 estrella / _cPrincipe Galán |
| 250 | _a5ta. ed. | ||
| 260 |
_aSanto Domingo : _bEl Príncipe Galán, _c2017. |
||
| 300 |
_a[23 p.]: _bil. ; _c22 cm. |
||
| 500 | _aConozca el secreto numerológico de su signo para este año, con el secreto de los sueños y los astros. | ||
| 590 | _aInventariado 2021 / MF | ||
| 910 | _aMF | ||
| 942 |
_2ddc _cLF2 |
||
| 999 |
_c50015 _d50015 |
||